000 00352nam a2200157Ia 4500
008 230917s9999||||xx |||||||||||||| ||und||
020 _cRS4
040 _e194303
_aMAIN
041 _aEnglish
082 _a823.7 T325T:T
100 _aTrollope, Anthony
245 0 _aThackeray
260 _aDelhi
_bS Chand
_c1958
300 _a196 p.
942 _cBK
999 _c197481
_d197481